000 00263nam a22001217a 4500
008 180831b xxu||||| |||| 00| 0 eng d
041 _aeng
080 _a821
100 _a21
101 _aGJL
245 _aLiterature Against Itself
_cGraff, G
942 _2udc
_cBK
999 _c47415
_d47415